000 00892nam a2200145Ia 4500
008 231221s9999 xx 000 0 und d
041 _aEnglish
082 _aCPEC15-1090
100 _aAniket, M. Arpit, L. Krupa, B N.
245 0 _aRemoval Of Ocular Artifacts In Eeg Signals Using Adapted Wavelet And Adaptive Filtering
260 _c2015
500 _aRemoval Of Ocular Artifacts In Eeg Signals Using Adapted Wavelet And Adaptive Filtering M. Aniket, L. Arpit and B. N. Krupa Department of Telecommunication Engineering, PESIT, Bengaluru, India Department of Electrical and Electronics Engineering, PESIT, Bengaluru, India International Conference for Innovation in Biomedical Engineering and Life Sciences, pp. 62-67. Springer, Singapore, December 2015.
650 _aRemoval,Ocular,Artifacts,Eeg,Signals,Using,Adapted,Wavelet,Adaptive,Filtering
942 _cIR
999 _c233615
_d233615